000 01451nam a2200397 i 4500
001 10743
003 KOSZ 005
005 20191018140640.0
008 081029s1957 pl a f 000 0 pol
015 _aPB 1958/694
040 _aWA N
_cWA N
_dKOSZ 005/RW
_dKOSZ 005/HR
041 1 _apol
_hrus
046 _k1957
080 _a621.7
100 1 _aRabinovič, A. N.
_eAutor
245 1 0 _aAutomatyzacja procesów technologicznych w budowie maszyn /
_cA. N. Rabinowicz ; tł. Władysław Kawęcki.
246 3 1 _iTyt. oryg.:
_aAvtomatizaciâ tehnologičeskih processov v mašinostroenii.
260 _aWarszawa :
_bPaństwowe Wydawnictwa Techniczne,
_c1957.
300 _a348 s. :
_bil. ;
_c24 cm.
336 _2rdacontent
_aTekst
_btxt
337 _2rdamedia
_aBez urządzenia pośredniczącego
_bn
338 _2rdacarrier
_aWolumin
_bnc
380 _aKsiążki
388 _a1901-2000
504 _aBibliogr. s. 345-348.
521 8 _aDla pracowników inż.-techn. i studentów.
658 _aInżynieria i technika
655 4 _aPodręczniki akademickie
650 4 _aTechnologia
650 4 _aMaszyny
650 4 _aAutomatyzacja
700 1 _aKawęcki, Władysław
_d(1917-1987)
_eTłumaczenie
710 2 _aPaństwowe Wydawnictwa Techniczne
_4pbl.
856 _uhttp://koha.tu.koszalin.pl/cgi-bin/koha/opac-detail.pl?biblionumber=10743
_yKatalog online BPK
942 _2UKD
_cKS
999 _c10743
_d10743